[Event "Bosnjaci op 24th"]
[Site "Bosnjaci"]
[Date "2019.01.07"]
[Round "7"]
[White "Lazor, Vladimir"]
[Black "Mutapcic, Ilija"]
[Result "1-0"]
[WhiteElo "2164"]
[BlackElo "1836"]
[PlyCount "77"]
[EventDate "2019.01.03"]
[EventType "swiss"]
[EventRounds "9"]
[EventCountry "CRO"]
[SourceTitle "CBM 188 Extra"]
[Source "ChessBase"]
[SourceDate "2019.02.26"]
[SourceVersion "1"]
[SourceVersionDate "2019.02.26"]
[SourceQuality "1"]

1. e4 e5 2. Nf3 Nf6 3. Nc3 Nc6 4. Bb5 Bb4 5. d3 Nd4 6. Ba4 b5 7. Bb3 d6 8. h3 h6 9. 0-0 Nxb3 10. axb3 Bxc3 11. bxc3 0-0 12. c4 b4 13. c5 Re8 14. Bb2 Bb7 15. Ra5 Nd7 16. cxd6 cxd6 17. Qa1 a6 18. Nd2 f6 19. Nc4 Nb6 20. Ne3 Rc8 21. Qd1 Nd7 22. Ra4 a5 23. Qg4 Kh7 24. Nf5 Rg8 25. Nxd6 Bc6 26. Ra2 Ra8 27. Rfa1 Nc5 28. Nf5 Bd7 29. Bc1 Ne6 30. Qh4 Ng5 31. Bxg5 fxg5 32. Qg3 g6 33. Ne3 Re8 34. Nc4 h5 35. Rxa5 Rxa5 36. Rxa5 h4 37. Qf3 Be6 38. Ra7+ Re7 39. Qf6 1-0

[Event "Bosnjaci op 24th"]
[Site "Bosnjaci"]
[Date "2019.01.06"]
[Round "5"]
[White "Lazor, Vladimir"]
[Black "Kovacevic, Blazimir"]
[Result "0-1"]
[WhiteElo "2164"]
[BlackElo "2488"]
[PlyCount "106"]
[EventDate "2019.01.03"]
[EventType "swiss"]
[EventRounds "9"]
[EventCountry "CRO"]
[SourceTitle "CBM 188 Extra"]
[Source "ChessBase"]
[SourceDate "2019.02.26"]
[SourceVersion "1"]
[SourceVersionDate "2019.02.26"]
[SourceQuality "1"]

1. e4 c5 2. d3 Nc6 3. Nf3 g6 4. g3 Bg7 5. Bg2 e5 6. 0-0 Nge7 7. Nc3 d6 8. Be3 0-0 9. Qd2 Nd4 10. Nh4 Be6 11. f4 exf4 12. Bxf4 d5 13. Rae1 Qd7 14. Nf3 Nxf3+ 15. Bxf3 d4 16. Ne2 c4 17. b3 cxd3 18. cxd3 Nc6 19. Rc1 Rfc8 20. Bg2 Bg4 21. Bf3 Bh3 22. Bg2 Bg4 23. Bf3 Be6 24. Rc2 a5 25. Rfc1 Bf8 26. e5 Bb4 27. Bxc6 bxc6 28. Qd1 Qd5 29. Qf1 Bf5 30. Rd1 Bf8 31. Rc4 c5 32. Qg2 Qxg2+ 33. Kxg2 Re8 34. Ng1 a4 35. bxa4 Be6 36. Rc2 Rxa4 37. Ra1 Ra3 38. Rd2 Rea8 39. Kf2 Bxa2 40. Nf3 Bd5 41. Rxa3 Rxa3 42. Ne1 Be7 43. Bh6 Bf8 44. Bg5 h6 45. Bf6 g5 46. h3 Kh7 47. g4 Bg7 48. Bxg7 Kxg7 49. Rc2 Ra2 50. Rxa2 Bxa2 51. Nf3 Bd5 52. Nd2 Kf8 53. Kg3 Ke7 0-1

[Event "Bosnjaci op 22nd"]
[Site "Bosnjaci"]
[Date "2017.01.09"]
[Round "9"]
[White "Kejzar, Petra"]
[Black "Lazor, Vladimir"]
[Result "0-1"]
[WhiteElo "2050"]
[BlackElo "2200"]
[PlyCount "146"]
[EventDate "2017.01.03"]
[EventType "swiss"]
[EventRounds "9"]
[EventCountry "CRO"]
[SourceTitle "CBM 176 Extra"]
[Source "ChessBase"]
[SourceDate "2017.03.02"]
[SourceVersion "1"]
[SourceVersionDate "2017.03.02"]
[SourceQuality "1"]

1. e4 d6 2. d4 g6 3. Nf3 Bg7 4. Bc4 Nf6 5. Nc3 c6 6. a4 0-0 7. 0-0 Nxe4 8. Nxe4 d5 9. Bd3 dxe4 10. Bxe4 Nd7 11. c3 Nf6 12. Bc2 Be6 13. Qe2 Bg4 14. h3 Bxf3 15. Qxf3 Qd5 16. Qe2 Rfe8 17. Bf4 Nh5 18. Be5 Bxe5 19. dxe5 Nf4 20. Qe4 Qxe4 21. Bxe4 a5 22. Rfd1 Red8 23. Kf1 Ne6 24. g3 Nc5 25. Bc2 e6 26. Ke2 Rd5 27. Rxd5 cxd5 28. Ke3 Nd7 29. f4 Rc8 30. h4 Nb6 31. Bd3 Nc4+ 32. Bxc4 Rxc4 33. h5 Kg7 34. hxg6 hxg6 35. Kd2 g5 36. b3 Re4 37. Re1 Rxe1 38. Kxe1 Kg6 39. Kf2 Kf5 40. Kf3 gxf4 41. gxf4 b6 42. b4 d4 43. bxa5 dxc3 44. axb6 c2 45. b7 c1Q 46. b8Q Qxf4+ 47. Kg2 Qxa4 48. Qh8 Qg4+ 49. Kh1 Kf4 50. Qh2+ Ke4 51. Qc2+ Kxe5 52. Qc7+ Kf6 53. Qc3+ Kg6 54. Qg3 f5 55. Qb8 Qe4+ 56. Kh2 Qh4+ 57. Kg2 Qg4+ 58. Kh1 Qe4+ 59. Kh2 f4 60. Qe8+ Kg5 61. Qg8+ Kf5 62. Qh7+ Ke5 63. Qh8+ Kd5 64. Qa8+ Kd4 65. Qa1+ Kc4 66. Qa4+ Kd3 67. Qd1+ Kc3 68. Qa1+ Kd2 69. Qa5+ Ke2 70. Qb5+ Kf2 71. Qb6+ Qe3 72. Qb2+ Qe2 73. Qd4+ Kf3+ 0-1

[Event "Bosnjaci op 21st"]
[Site "Bosnjaci"]
[Date "2016.01.05"]
[Round "4"]
[White "Mahmutbegovic, Muharem"]
[Black "Lazor, Vladimir"]
[Result "0-1"]
[WhiteElo "1996"]
[BlackElo "2215"]
[PlyCount "116"]
[EventDate "2016.01.03"]
[EventType "swiss"]
[EventRounds "9"]
[EventCountry "CRO"]
[SourceTitle "CBM 170 Extra"]
[Source "ChessBase"]
[SourceDate "2016.02.25"]
[SourceVersion "1"]
[SourceVersionDate "2016.02.25"]
[SourceQuality "1"]

1. e4 d6 2. d4 Nf6 3. Nc3 g6 4. Nf3 Bg7 5. Bc4 0-0 6. 0-0 Nc6 7. h3 Nxe4 8. Bxf7+ Rxf7 9. Nxe4 d5 10. Ng3 e5 11. c3 e4 12. Bg5 Qd6 13. Nd2 Be6 14. Nb3 Ne7 15. Nc5 b6 16. Nxe6 Qxe6 17. Qe2 Raf8 18. a4 Nf5 19. Nxf5 Rxf5 20. Be3 Rh5 21. Rfe1 c6 22. b4 Rf7 23. b5 Bf8 24. Qf1 Rhf5 25. a5 c5 26. axb6 axb6 27. Ra8 Kg7 28. Qe2 Bd6 29. Qd2 h5 30. dxc5 bxc5 31. Ra6 Qe5 32. g3 g5 33. h4 gxh4 34. Bf4 Rxf4 35. gxf4 Rxf4 36. Ra7+ Kg6 37. Kf1 d4 38. cxd4 cxd4 39. Qb2 e3 40. Qc2+ Rf5 41. Qd3 Qf4 42. Re2 h3 43. Qc4 Kg5 44. Qg8+ Kh4 45. Qd8+ Rg5 46. Rg7 h2 47. Rxg5 Qxg5 48. Qxg5+ Kxg5 49. Kg2 Kf4 50. fxe3+ dxe3 51. b6 Ke4 52. Re1 h4 53. b7 Bb8 54. Ra1 h3+ 55. Kxh3 Kf3 56. Rf1+ Ke2 57. Kg2 Kd2 58. Ra1 e2 0-1

[Event "Bosnjaci op 20th"]
[Site "Bosnjaci"]
[Date "2015.01.06"]
[Round "5"]
[White "Kovacevic, Blazimir"]
[Black "Lazor, Vladimir"]
[Result "1-0"]
[WhiteElo "2468"]
[BlackElo "2202"]
[PlyCount "79"]
[EventDate "2015.01.03"]
[EventType "swiss"]
[EventRounds "9"]
[EventCountry "CRO"]
[SourceTitle "CBM 164 Extra"]
[Source "ChessBase"]
[SourceDate "2015.03.02"]
[SourceVersion "1"]
[SourceVersionDate "2015.03.02"]
[SourceQuality "1"]

1. d4 Nf6 2. c4 g6 3. Nc3 Bg7 4. e4 d6 5. Be2 0-0 6. Bg5 c5 7. d5 Qa5 8. Bd2 Qb6 9. Nf3 e6 10. 0-0 exd5 11. cxd5 Re8 12. Qc2 Bg4 13. h3 Bxf3 14. Bxf3 Nbd7 15. Rfe1 a6 16. a4 Rac8 17. a5 Qc7 18. Na4 Qb8 19. Ra3 c4 20. Rc3 b5 21. axb6 Nxb6 22. Nxb6 Qxb6 23. Rxc4 Rxc4 24. Qxc4 Qxb2 25. Bb4 Bf8 26. Bc3 Qc2 27. Qc6 Rxe4 28. Bxe4 Nxe4 29. Bd4 Qd3 30. Qe8 Qxd4 31. Qxe4 Qc5 32. Rb1 Bh6 33. g3 Kg7 34. h4 a5 35. Rb7 Qc8 36. Ra7 Bc1 37. Qd4+ Kg8 38. Qf6 Qe8 39. Re7 Qf8 40. Rd7 1-0

[Event "Bosnjaci op 20th"]
[Site "Bosnjaci"]
[Date "2015.01.04"]
[Round "2"]
[White "Grubisic, Ivica"]
[Black "Lazor, Vladimir"]
[Result "0-1"]
[WhiteElo "1943"]
[BlackElo "2202"]
[PlyCount "56"]
[EventDate "2015.01.03"]
[EventType "swiss"]
[EventRounds "9"]
[EventCountry "CRO"]
[SourceTitle "CBM 164 Extra"]
[Source "ChessBase"]
[SourceDate "2015.03.02"]
[SourceVersion "1"]
[SourceVersionDate "2015.03.02"]
[SourceQuality "1"]

1. d4 Nf6 2. c4 g6 3. Nc3 Bg7 4. e4 d6 5. Nf3 0-0 6. h3 Nbd7 7. Be2 e5 8. dxe5 dxe5 9. 0-0 Re8 10. Be3 c6 11. Qd2 Qe7 12. a3 Nc5 13. Qc2 Nh5 14. b4 Ne6 15. Rfe1 Nhf4 16. Bf1 Qf6 17. Rad1 Nxh3+ 18. Kh2 Nhf4 19. g3 Nd3 20. Rxd3 Qxf3 21. Be2 Qf6 22. Qd2 Nd4 23. Bg5 Qe6 24. Bf1 Qxc4 25. Kg2 Qe6 26. Ne2 h6 27. Nxd4 exd4 28. Bf4 g5 0-1

[Event "Bosnjaci op 19th"]
[Site "Bosnjaci"]
[Date "2014.01.08"]
[Round "8"]
[White "Zufic, Miroslav"]
[Black "Lazor, Vladimir"]
[Result "1-0"]
[WhiteElo "2466"]
[BlackElo "2194"]
[PlyCount "77"]
[EventDate "2014.01.03"]
[EventType "swiss"]
[EventRounds "9"]
[EventCountry "CRO"]
[SourceTitle "CBM 158 Extra"]
[Source "ChessBase"]
[SourceDate "2014.02.28"]
[SourceVersion "1"]
[SourceVersionDate "2014.02.28"]
[SourceQuality "1"]

1. e4 c5 2. Nf3 Nc6 3. d4 cxd4 4. Nxd4 g6 5. Nc3 Bg7 6. Be3 Nf6 7. Bc4 0-0 8. Bb3 d6 9. h3 Bd7 10. 0-0 Nxd4 11. Bxd4 Bc6 12. Qd3 Nd7 13. Bxg7 Kxg7 14. Qd4+ Kg8 15. Nd5 Bxd5 16. exd5 Qb6 17. Qh4 Nf6 18. Rfe1 Qc7 19. Re3 a6 20. Rd1 Kg7 21. Qd4 Rfe8 22. Rde1 b5 23. c3 Ra7 24. Rf3 Qc5 25. Qf4 a5 26. a3 Rf8 27. Rxe7 Nxd5 28. Qxf7+ Rxf7 29. Rfxf7+ Kh6 30. Rxa7 Nf6 31. Rae7 Qg5 32. Re3 d5 33. Bc2 Ne4 34. Bxe4 dxe4 35. Rxe4 a4 36. Kh2 Qd8 37. Ree7 Qd6+ 38. f4 g5 39. Rd7 1-0

[Event "Senta op"]
[Site "Senta"]
[Date "2002.07.21"]
[Round "4"]
[White "Savic, Miodrag R"]
[Black "Lazor, Vladimir"]
[Result "1-0"]
[WhiteElo "2512"]
[BlackElo "2226"]
[PlyCount "125"]
[EventDate "2002.07.19"]
[EventType "swiss"]
[EventRounds "9"]
[EventCountry "YUG"]
[SourceTitle "CBM 089 Extra"]
[Source "ChessBase"]
[SourceDate "2002.09.10"]
[SourceVersion "2"]
[SourceVersionDate "2002.09.10"]
[SourceQuality "1"]

1. e4 d6 2. d4 Nf6 3. Nc3 g6 4. g3 Bg7 5. Bg2 0-0 6. Nge2 e5 7. 0-0 c6 8. h3 Nbd7 9. Be3 Qc7 10. Qd2 Re8 11. Rad1 Nb6 12. b3 d5 13. exd5 Nbxd5 14. Nxd5 Nxd5 15. Bh6 exd4 16. Bxg7 Kxg7 17. Bxd5 cxd5 18. Qxd4+ Qe5 19. Nf4 Qxd4 20. Rxd4 Bf5 21. Rd2 Rac8 22. Rc1 Be4 23. Ne2 Bf5 24. Kg2 Rc5 25. Nd4 Bd7 26. h4 a5 27. f3 b5 28. Kf2 h5 29. Re1 Rxe1 30. Kxe1 Kf6 31. Re2 b4 32. Kd2 Be6 33. Re3 Bd7 34. c3 Bf5 35. Ne2 Bb1 36. Kc1 Bf5 37. Kb2 Rc7 38. Nd4 Rc5 39. a3 bxa3+ 40. Kxa3 Bd7 41. Ne2 Bb5 42. b4 Rc8 43. bxa5 Bxe2 44. Rxe2 Rxc3+ 45. Kb4 Rxf3 46. a6 Rf1 47. Ra2 Rb1+ 48. Kc5 Rb8 49. Kxd5 Kf5 50. Ra4 Rd8+ 51. Kc6 f6 52. Rf4+ Ke5 53. Rb4 Rg8 54. a7 Ra8 55. Kb7 Rg8 56. a8Q Rxa8 57. Kxa8 Kf5 58. Kb7 g5 59. Kc6 gxh4 60. Rxh4 Kg5 61. Kd5 f5 62. Ke5 Kg6 63. Kf4 1-0